000 00394nam a22001217a 4500
008 230731b xxu||||| |||| 00| 0 eng d
082 _a370
_bFAU
100 _cCarlos N malpica Faustor
245 _aDecentralization and planning of education:recent experiences in five Latin American Countries
_bIIEP Research Report No. 102
260 _aparis
_bUNESCO
_c1995
300 _a281p
942 _2ddc
_cBK
999 _c3998
_d3998